000 00384nam a22001697a 4500
005 20160625100804.0
008 160625b xxu||||| |||| 00| 0 eng d
020 _a0-07-049959-4
041 _aeng
082 _b10112
100 _aKhandwalla, Pradip N
_92722
245 _aLife long Creativity
260 _bTMH
_c2004
300 _a399
650 _aManagement
_9241
942 _cBK
999 _c3916
_d3915